书目信息 |
| 题名: |
传承与变迁
|
|
| 作者: | 孙九霞 著 | |
| 分册: | ||
| 出版信息: | 北京 商务印书馆 2012 |
|
| 页数: | 287页 | |
| 开本: | 23cm | |
| 丛书名: | 中山大学人类学文库 | |
| 单 册: | ||
| 中图分类: | F592 | |
| 科图分类: | ||
| 主题词: | 少数民族 , 旅游文化 , 少数民族--旅游文化--中国--研究 | |
| 电子资源: | ||
| ISBN: | 978-7-100-09282-1 | |
| 000 | 01235oam2 2200289 450 | |
| 001 | 139310 | |
| 005 | 20140911104238.26 | |
| 010 | @a978-7-100-09282-1@dCNY 42.00 | |
| 100 | @a20120919d2012 em y0chiy50 ea | |
| 101 | 0 | @achi |
| 102 | @aCN@b110000 | |
| 105 | @aa z 000yy | |
| 200 | 1 | @a传承与变迁@Achuan cheng yu bian qian@b专著@e旅游中的族群与文化@f孙九霞著 |
| 210 | @a北京@c商务印书馆@d2012 | |
| 215 | @a287页@c图@d23cm | |
| 225 | 2 | @a中山大学人类学文库 |
| 300 | @a国家社会科学基金资助项目 “社区参与旅游开发与少数民族传统文化保护研究”的主要成果 | |
| 330 | @a本书首先采取了多点民族志的方法,对五个个案分别作全面描述并概括出族群文化特征;其次是充分发挥了人类学的比较法,通过测量不同社区居民参与旅游的程度,以及族群文化保护意识和族群认同意识,然后对两个元素进行分析得出正相关的关系;其三是采取了多维视野的分析方法,把微观的社区分析与宏观全球化背景相结合,更凸显出个案与整体之间的有机联系。 | |
| 410 | 0 | @1001003678197 |
| 517 | 1 | @a旅游中的族群与文化@Alv you zhong de zu qun yu wen hua |
| 606 | 0 | @a少数民族 |
| 606 | 0 | @a旅游文化 |
| 606 | 0 | @a少数民族@x旅游文化@y中国@x研究 |
| 690 | @aF592@v5 | |
| 701 | 0 | @a孙九霞@Asun jiu xia@c(女,@f1969 )@4著 |
| 801 | 0 | @aCN@b110017@c20140911 |
| 905 | @a241430@dF592@eS920 | |
| 传承与变迁:旅游中的族群与文化/孙九霞著.-北京:商务印书馆,2012 |
| 287页:图;23cm.-(中山大学人类学文库) |
| 国家社会科学基金资助项目 “社区参与旅游开发与少数民族传统文化保护研究”的主要成果 |
| ISBN 978-7-100-09282-1:CNY 42.00 |
| 本书首先采取了多点民族志的方法,对五个个案分别作全面描述并概括出族群文化特征;其次是充分发挥了人类学的比较法,通过测量不同社区居民参与旅游的程度,以及族群文化保护意识和族群认同意识,然后对两个元素进行分析得出正相关的关系;其三是采取了多维视野的分析方法,把微观的社区分析与宏观全球化背景相结合,更凸显出个案与整体之间的有机联系。 |
| ● |
| 相关链接 |
|
|
|
正题名:传承与变迁
索取号:F592/S920
 
预约/预借
| 序号 | 登录号 | 条形码 | 馆藏地/架位号 | 状态 | 备注 |
| 1 | 0830090 | 208300907 | 社科库409/409社科库 39排6列1层/ [索取号:F592/S920] | 在馆 | |
| 2 | 0830091 | 208300916 | 社科库409/400B社科库 3排3列4层/ [索取号:F592/S920] | 在馆 | |
| 3 | 0830092 | 208300925 | 社科二线422/422社科库 37排2列2层/ [索取号:F592/S920] | 在馆 |